000 00524 a2200205 4500
005 20260116150156.0
008 260114b |||||||| |||| 00| 0 eng d
020 _a9789354660221
_cRs. 325.00
040 _aMAIN
082 _a574.192
_bG959P(6)
100 _aGupta, R C
245 _aPractical biochemistry
250 _a6TH
260 _bCBS Publishers and Distributors
_aNew Delhi
_c2025
300 _axii, 256
650 _aBiochemistry
650 _aPhysical Chemistry
700 _aBhargava, S
942 _cBK
999 _c393292
_d393292